| 000 | 00466nam a2200169Ia 4500 | ||
|---|---|---|---|
| 999 |
_c9814 _d9814 |
||
| 003 | OSt | ||
| 005 | 20191230133804.0 | ||
| 008 | 190216s9999||||xx |||||||||||||| ||und|| | ||
| 040 | _coclc | ||
| 082 |
_a330 _bLOK/P |
||
| 100 |
_aLokanathan, V _9839 |
||
| 245 | 0 |
_aPrinciples Of Economics / _cV Lokanathan |
|
| 260 |
_bS Chand & Company, _c1989. _aNew Delhi: |
||
| 300 | _a383p | ||
| 650 | _aEconomics | ||
| 942 |
_cBK _2ddc _h330 _iLOK/P _k330 _mLOK/P |
||